00471 2200169 4500245005100000250001100051100001900062700001900081700002600100700002300126650001800149005001900167260008200186041001400268084001000282336000900292 aMengapa Uranus Bersedih?cUbay Al-AllusyhText aCet. 1 aUbay Al-Allusy aFarah Nashrawy aAinusshoffa Rahmatiah aNi Putu Ayu Widari aPlanet Uranus a20240930133230 aJakarta TimurbKementerian Pendidikan, Kebudayaan, Riset, dan Teknologic2022 aIndonesia a523.4 atext